| 000 | 00682ntaaa2200217 4500 | ||
|---|---|---|---|
| 003 | 01 | ||
| 005 | 20251027201243.0 | ||
| 008 | 0714s1973 ag 01 | ||
| 020 | _a0311324401 | ||
| 040 |
_aAR-BaBN _bspa _cAR-BaBN _eaacr _dRIC |
||
| 082 | _a264 D24a | ||
| 100 |
_aDarino, Miguel Angel _910726 |
||
| 245 |
_aLa adoracion: primera prioridad / _cMiguel Angel Darino, |
||
| 250 | _a2 ed. | ||
| 260 |
_aEl Paso : _bCBP, _c1993 |
||
| 300 |
_a159 p ; _c21 cm |
||
| 500 | _aContiene referencias bibliográficas y Bibliografía. Publicado originalmente bajo el título "La Adoración: análisis y orientación | ||
| 650 | _aAdoracion | ||
| 650 |
_aMusica y Adoración _910727 |
||
| 942 | _cBK | ||
| 999 |
_c6905 _d6905 |
||